000 00835nam a2200253Ia 4500
003 OSt
005 20221005113502.0
006 a|||||r|||| 00| 0
007 ta
008 221004b |||||||| |||| 00| 0 pan d
020 _c80
024 _a106179
037 _b7848/III/A, 21/02/2011, Arsee Publishers
_cTextual
040 _aCRL
_cCRL
_bpan
041 _2pan
_apan
082 _aO153,1NJAx, P5
100 _aਜੈਤੋਈ, ਦੀਪਕ
245 0 _aਫ਼ਗ਼ਲ ਦੀ ਅਦਾ
260 _aਲੁਧਿਆਣਾ
_bਲਾਹੈਰ ਬੁੱਕ ਾਪ ਭਾਰਤ
_c2005
300 _a80ਪੰ
_ccm.
650 _aਪੰਜਾਬੀ ਸਾਹਿਤ
942 _hO153,1NJAx, P5
_cTEXL
_2cc
999 _c1028342
_d1028342